| 000 | 00486nam a22001817a 4500 | ||
|---|---|---|---|
| 999 |
_c526109 _d526109 |
||
| 003 | NUST | ||
| 005 | 20190708104650.0 | ||
| 038 | _aWaseem | ||
| 082 |
_a891.4911 _bASR |
||
| 100 |
_aAsri, Nadam _915002 |
||
| 245 |
_aRang Lahrayan Roshnai / _cNadam Asri |
||
| 260 |
_aLahore : _bOxford & Cambridg Publisher, _c1983. |
||
| 300 | _a128 p. : | ||
| 500 | _aPaper cover. | ||
| 880 |
_6100-01\r _aنادم عصری |
||
| 880 |
_6245-02\r _aرنگ لہراں رشنائی / |
||
| 942 |
_2ddc _cBK |
||